Las luchas antimperialistas en América Latina /
Gorde:
| Egile nagusia: | |
|---|---|
| Formatua: | Texto |
| Gaiak: | |
| Etiketak: |
Etiketa erantsi
Etiketarik gabe, Izan zaitez lehena erregistro honi etiketa jartzen!
|
MARC
| LEADER | 00000 a a2200000 04500 | ||
|---|---|---|---|
| 001 | 44171 | ||
| 003 | |||
| 040 | |||
| 100 | |a Savaleta Mercado, René | ||
| 245 | |a Las luchas antimperialistas en América Latina / |c René Savaleta Mercado | ||
| 650 | |a IMPERIALISMO | ||
| 650 | |a AMERICA LATINA | ||
| 650 | |a BURGUESIA | ||
| 773 | |g volumen38, número1 ( , 1976), páginas 9-27 | ||
| 999 | |c 35695 |d 35695 | ||
